2023 - Jaaroverzicht - Statistieken

Algemene statistieken
  • Deze quiz is 37 keer genomen
  • De gemiddelde score is 9 van 20
Antwoordstatistieken
Beschrijving Antwoord % Correct
Dit land trad toe tot de NAVO naar aanleiding van de oorlog in Oekraïne. Finland
83%
Noem één van beide landen die in februari door een zware aardbeving getroffen werden. Turkije | Syrië
83%
Dit land mocht (nog) niet bij de NAVO, na een conflict met Turkije. Zweden
76%
Tijdens de interland van België tegen dit land vielen er twee doden door een terreuraanslag. Zweden
76%
Dit Chinees ding zweefde het Amerikaanse luchtruim binnen. Weerballon
69%
Deze Vlaamse provincie werd hierbij het zwaarst getroffen. West-Vlaanderen
62%
Deze dame werd eindelijk koningin-gemalin van het Verenigd Koninkrijk. Camilla
59%
Deze club won de UEFA Champions League 2022-2023. Manchester City
55%
Deze militie, die in Oekraïne voor Rusland vecht, keerde zich even tegen Rusland. Wagner
52%
Dit land werd aangevallen in die verrassingsaanval. Israël
48%
Nabij dit Nederlandse Waddeneiland brak een zware brand uit op een vrachtschip. Ameland
45%
Deze terreurgroep deed een verassingsaanval op een land. Hamas
45%
In dit West-Afrikaans land werd de president afgezet door militairen. Niger
45%
Dit land trad toe tot de Eurozone en de Schengenzone. Kroatië
38%
Dit scout-evenement in Zuid-Korea werd getroffen door een tyfoon. Jamboree
34%
Deze Belgische vrouwenploeg kroonde zich tot Europees kampioen in het basket. Belgian Cats
28%
Deze man, de leider van de militie, kwam later op een verdachte manier om het leven. Jevgeni Prigozjin
24%
Deze storm zorgde voor heel wat waterellende in West-Europa. Ciaran
10%
Deze wielrenner overleed na een zware val in een ravijn tijdens de Ronde van Zwitserland. Gino Mäder
7%
Deze stad in Libië werd verwoest door overstromingen. Derna
3%
Geen overeenkomende quizzen gevonden
Scoreverdeling
Procent van Mensen met Elke Score
Percentiel versus Aantal Correcte Antwoorden
Uw Scoregeschiedenis
U heeft deze quiz nog niet genomen